विश्वकर्मा समाज के विभूतिमान सन्त/ (Record no. 211319)
[ view plain ]
| 000 -LEADER | |
|---|---|
| fixed length control field | 00826nam a22001817a 4500 |
| 005 - DATE AND TIME OF LATEST TRANSACTION | |
| control field | 20250519143231.0 |
| 010 ## - LCCN (DPL NO) | |
| LC control number | HIN-129746 |
| 020 ## - INTERNATIONAL STANDARD BOOK NUMBER | |
| International Standard Book Number | 9789334027082 |
| Terms of availability | 300.00 |
| 035 ## - SYSTEM CONTROL NUMBER | |
| System control number | HN-102092 |
| 037 ## - SOURCE OF ACQUISITION | |
| Source of stock number/acquisition | DBAD |
| 082 ## - DEWEY DECIMAL CLASSIFICATION NUMBER | |
| Classification number | 821.08 |
| 100 ## - MAIN ENTRY--PERSONAL NAME | |
| Personal name | सीलक,नरेन्द्र |
| 245 ## - TITLE STATEMENT | |
| Title | विश्वकर्मा समाज के विभूतिमान सन्त/ |
| Statement of responsibility, etc | नरेन्द्र सीलक |
| Remainder of title | संत तुकाराम की कविताएँ |
| 260 ## - PUBLICATION, DISTRIBUTION, ETC. (IMPRINT) | |
| Place of publication, distribution, etc | जोधपुर |
| Name of publisher, distributor, etc | वीणा प्रकाशन |
| Date of publication, distribution, etc | 2024 |
| 270 ## - ADDRESS | |
| Address | होली चौक के पास , नयापुर लाल सागर |
| City | जोधपुर |
| Postal code | 34 2026 |
| 300 ## - PHYSICAL DESCRIPTION | |
| Extent | 363पृ. |
| Dimensions | 20सेमी.(जिल्द) |
| 942 ## - ADDED ENTRY ELEMENTS (KOHA) | |
| Source of classification or shelving scheme | Dewey Decimal Classification |
| Item type | Hindi Books |
| Classification part | 821.08 |
| Call number suffix | सीलक |
| Withdrawn status | Lost status | Not for loan | Collection code | Home library | Current library | Date acquired | Source of acquisition | Cost, normal purchase price | Full call number | Barcode | Copy number | Cost, replacement price | Koha item type |
|---|---|---|---|---|---|---|---|---|---|---|---|---|---|
| Non-fiction | New Police Line | New Police Line | 19/05/2025 | DBAD | 300.00 | 821.08 सीलक | HN-102092 | 1 | 300.00 | Hindi Books |
